000 00539nam a22001817a 4500
999 _c192493
_d192493
005 20220923124112.0
010 _aENG-135198
020 _a9789389393484
_c750.00
035 _aEN-118730
037 _bDBAD/PUB
082 _a954
100 _aBasu, Kamal.
245 _aAncient Indian History and Civilization/
_cKamal Basu
260 _aAllahabad
_bSanket Prakashan
_c2017
270 _a5, U.N. Ashk Marg, (Old Khusro Bagh Road)
_bAllahabad
_e211001
300 _av,224p.
_c23cm.(hb)
942 _cEN
_h954
_2ddc
_mBAS